Culture Générale - Série 1178 - Statistiques

Statistiques générales
  • Ce quiz a été pris 81 fois
  • Le résultat moyen est 5 sur 10
Statistiques - réponses
Question Réponse % Correct
A la fois une chemise en tricot à col ouvert et un sport collectif se jouant à cheval avec un maillet, que suis-je ? polo
96%
Quel est le symbole chimique du sodium ? Na
77%
Dans quel pays européen la première locomotive à vapeur sur rails a-t-elle roulé, en février 1804 ? Royaume-Uni
74%
De quel roi de France Eléonore de Habsbourg devient-elle l'épouse en 1530 ? François Ier
62%
Quel est le symbole chimique de l'étain ? Sn
56%
Quel artiste français, prénommé Georges, né en 1882 et créateur du cubisme avec Picasso, est connu pour ses séries de natures mortes, ses "papiers collés", ses "Ateliers" et ses "Oiseaux" ? Georges Braque
48%
Sous quel pseudonyme la danseuse néerlandaise Margaretha Geertruida Zelle était-elle connue ? Mata Hari
39%
Dans le film “Gladiator”, quel est le nom du personnage incarné par Russell Crowe ? Maximus
25%
Quel industriel américain a fondé la “Standard Oil Company” ? John Rockefeller
13%
Dans quel chef-lieu de canton de la Loire les habitants sont-ils appelés les Couramiauds ? Saint-Chamond
1%
Aucun quiz correspondant
Distribution des résultats
% des personnes avec chaque résultat
Percentile par nombre de réponses
Votre historique - résultats
Vous n’avez pas pris ce quiz